Diabetes for dummies / (Record no. 35983)
[ view plain ]
| 000 -LEADER | |
|---|---|
| fixed length control field | 00695nam a22002177a 4500 |
| 005 - DATE AND TIME OF LATEST TRANSACTION | |
| control field | 20100512142320.0 |
| 008 - FIXED-LENGTH DATA ELEMENTS--GENERAL INFORMATION | |
| fixed length control field | 091103t xxu||||| |||| 00| 0 eng d |
| 020 ## - INTERNATIONAL STANDARD BOOK NUMBER | |
| International Standard Book Number | 9780470270868 |
| Terms of availability | 1082.00 |
| 037 ## - SOURCE OF ACQUISITION | |
| Source of stock number/acquisition | Coral Hub |
| 040 ## - CATALOGING SOURCE | |
| Original cataloging agency | dpl |
| Language of cataloging | English |
| 100 ## - MAIN ENTRY--PERSONAL NAME | |
| Personal name | Rubin, Alan L. |
| 245 ## - TITLE STATEMENT | |
| Title | Diabetes for dummies / |
| Statement of responsibility, etc | by Alan L. Rubin |
| 250 ## - EDITION STATEMENT | |
| Edition statement | 3rd ed. |
| 260 ## - PUBLICATION, DISTRIBUTION, ETC. (IMPRINT) | |
| Place of publication, distribution, etc | Hoboken |
| Name of publisher, distributor, etc | Wiley Publishing |
| Date of publication, distribution, etc | 2008 |
| 270 ## - ADDRESS | |
| Address | 111 River St. |
| City | Hoboken |
| 300 ## - PHYSICAL DESCRIPTION | |
| Extent | xviii, 386p. |
| Dimensions | 25cm(pbk) |
| Other physical details | ill. |
| 500 ## - GENERAL NOTE | |
| General note | Includes glossary and index |
| 942 ## - ADDED ENTRY ELEMENTS (KOHA) | |
| Source of classification or shelving scheme | Dewey Decimal Classification |
| Item type | Reference Books |
| Call number suffix | RUB |
| Withdrawn status | Lost status | Source of classification or shelving scheme | Damaged status | Not for loan | Collection code | Home library | Current library | Date acquired | Cost, normal purchase price | Total Checkouts | Full call number | Date last seen | Cost, replacement price | Koha item type |
|---|---|---|---|---|---|---|---|---|---|---|---|---|---|---|
| Dewey Decimal Classification | Ordered | Reference | Andrews Gunj | Andrews Gunj | 12/05/2010 | 1082.00 | RUB | 12/05/2010 | 1082.00 | English Books |
